Review of colonial reserach 1940-1960 (Record no. 497229)

000 -LEADER
fixed length control field 00341cam a22001097a 4500
008 - FIXED-LENGTH DATA ELEMENTS--GENERAL INFORMATION
fixed length control field 180718b1964 xxu||||| |||| 00| 0 eng d
082 ## - DEWEY DECIMAL CLASSIFICATION NUMBER
Classification number T19x42 Un3c/1960
245 ## - TITLE STATEMENT
Title Review of colonial reserach 1940-1960
Statement of responsibility, etc. edited by Charles Jeffries
260 ## - PUBLICATION, DISTRIBUTION, ETC.
Place of publication, distribution, etc. London
Name of publisher, distributor, etc. Her Majesty's Stationery Office
Date of publication, distribution, etc. 1964
300 ## - PHYSICAL DESCRIPTION
Extent 238p.
700 ## - ADDED ENTRY--PERSONAL NAME
Personal name Jeffries,Charles
Holdings
Withdrawn status Lost status Damaged status Not for loan Permanent Location Current Location Date acquired Full call number Barcode Date last seen Price effective from Koha item type
        Indian Institute of Public Administration Indian Institute of Public Administration 2018-08-04 T19x42 Un3c/1960 G6102 2018-08-04 2018-08-04 G

Powered by Koha